| 000 | 00681nam a22002411i 4500 | ||
|---|---|---|---|
| 001 | 23855 | ||
| 010 | _a9789895501014 | ||
| 090 | _a23855 | ||
| 100 | _a20170304u u u0frey50 ba | ||
| 101 | 0 | _apor | |
| 200 | 1 |
_fDawn Sirett _aNo zoo _esegue o macaco simpático |
|
| 210 |
_cCivilização _aPorto _d2003 |
||
| 215 |
_a[9] p. _cil. _d16x16 cm |
||
| 225 | 2 | _aJanela mágica | |
| 300 | _aLivro cartonado com janelas. - Oferta de João Regal Ferreira | ||
| 606 |
_91083 _aAnimais selvagens |
||
| 606 |
_92402 _aInfantil |
||
| 675 |
_a087.5 _92104 |
||
| 700 | 1 |
_aSirett _bDawn _4070 _93635 |
|
| 702 | 1 |
_aSilva _bJoana Ferreira da _4730 _94310 |
|
| 801 |
_aPT _gRPC |
||
| 990 | _cLIVROS | ||
| 994 | _aCOMP | ||